[Event "Punta del Este Alekhiine op 1st"]
[Site "Punta del Este"]
[Date "2024.03.09"]
[Round "3"]
[White "Estoyanoff, German"]
[Black "Braso, Jorge"]
[Result "0-1"]
[WhiteElo "1769"]
[BlackElo "2038"]
[PlyCount "28"]
[EventDate "2024.03.08"]
[EventType "swiss"]
[EventRounds "5"]
[EventCountry "URU"]
[SourceTitle "CB13_2024"]
[SourceDate "2024.03.27"]
[SourceVersion "1"]
[SourceVersionDate "2024.03.27"]
[SourceQuality "1"]

1. e4 c5 2. Nf3 e6 3. d4 cxd4 4. Nxd4 Nc6 5. Be3 d6 6. Nd2 Nf6 7. f3 d5 8. exd5 exd5 9. c3 Bd6 10. Bd3 0-0 11. Nf1 Re8 12. Nxc6 bxc6 13. Qa4 Qb6 14. Be4 Bc5 0-1

[Event "WchT Seniors 50"]
[Site "Struga"]
[Date "2023.09.26"]
[Round "7.1"]
[White "Braso, Jorge"]
[Black "Lalic, Susan"]
[Result "1/2-1/2"]
[WhiteElo "2058"]
[BlackElo "2251"]
[PlyCount "63"]
[EventDate "2023.09.19"]
[EventType "team-swiss"]
[EventRounds "9"]
[EventCountry "MKD"]
[SourceTitle "EXT 2024"]
[Source "ChessBase"]
[SourceDate "2023.10.10"]
[SourceVersion "1"]
[SourceVersionDate "2023.10.10"]
[SourceQuality "1"]
[WhiteTeam "Uruguay 50"]
[BlackTeam "England 50 (W)"]
[WhiteTeamCountry "URU"]
[BlackTeamCountry "ENG"]

1. e4 c6 2. d4 d5 3. exd5 cxd5 4. c4 Nf6 5. Nc3 Nc6 6. Nf3 a6 7. Be3 g6 8. Rc1 Bg7 9. Be2 0-0 10. 0-0 dxc4 11. Bxc4 b5 12. Be2 Bb7 13. h3 Nd5 14. Nxd5 Qxd5 15. a4 Rfd8 16. axb5 axb5 17. Rc5 Qxc5 18. dxc5 Rxd1 19. Rxd1 Bxb2 20. Bxb5 Ra1 21. Rxa1 Bxa1 22. Kf1 Kf8 23. Ke2 e6 24. Kd3 Ke7 25. Kc4 f6 26. g3 Na7 27. Nd4 Bxd4 28. Bxd4 Bd5+ 29. Kb4 e5 30. Be3 Nxb5 31. Kxb5 Kd7 32. Kb6 1/2-1/2

[Event "URU-chT Clubs"]
[Site "Punta del Este"]
[Date "2021.10.29"]
[Round "1.3"]
[White "De los Reyes, Mauro"]
[Black "Braso, Jorge"]
[Result "0-1"]
[WhiteElo "1763"]
[BlackElo "2042"]
[PlyCount "56"]
[EventDate "2021.10.29"]
[EventType "team-swiss"]
[EventRounds "5"]
[EventCountry "URU"]
[SourceTitle "CBM 205 Extra"]
[Source "ChessBase"]
[SourceDate "2022.01.31"]
[SourceVersion "1"]
[SourceVersionDate "2022.01.31"]
[SourceQuality "1"]
[WhiteTeam "Canelones"]
[BlackTeam "Lavalleja"]
[WhiteTeamCountry "URU"]
[BlackTeamCountry "URU"]

1. e4 c5 2. c3 Nf6 3. e5 Nd5 4. d4 cxd4 5. cxd4 e6 6. Nc3 d6 7. Nf3 dxe5 8. Nxe5 Bd6 9. Nf3 0-0 10. Bd3 Nc6 11. 0-0 Nf6 12. Nb5 Be7 13. Bb1 a6 14. Nc3 b5 15. Qd3 Nb4 16. Qe2 Bb7 17. a3 Nbd5 18. Bg5 Rc8 19. Qd3 g6 20. h4 Nh5 21. Bh6 Re8 22. Ng5 Ndf4 23. Qd1 Bxg2 24. Re1 Bb7 25. Re5 Bxg5 26. hxg5 Rc4 27. d5 exd5 28. Qe1 Rxe5 0-1

[Event "URU-chT Regional"]
[Site "Punta del Este"]
[Date "2020.11.02"]
[Round "5.2"]
[White "Braso, Jorge"]
[Black "Alzugaray, Ernesto"]
[Result "1/2-1/2"]
[WhiteElo "2100"]
[BlackElo "1620"]
[PlyCount "110"]
[EventDate "2020.10.31"]
[EventType "team-swiss"]
[EventRounds "5"]
[EventCountry "URU"]
[SourceTitle "CBM 199 Extra"]
[Source "ChessBase"]
[SourceDate "2021.01.31"]
[SourceVersion "1"]
[SourceVersionDate "2021.01.31"]
[SourceQuality "1"]
[WhiteTeam "Lavalleja"]
[BlackTeam "Maldonado II"]
[WhiteTeamCountry "URU"]
[BlackTeamCountry "URU"]

1. e4 e6 2. d4 d5 3. Nc3 Nf6 4. e5 Nfd7 5. f4 c5 6. Nf3 Nc6 7. Be3 cxd4 8. Nxd4 Nxd4 9. Bxd4 Bc5 10. Qd2 Bxd4 11. Qxd4 Qb6 12. 0-0-0 Qxd4 13. Rxd4 a6 14. Be2 b5 15. Bf3 Nb6 16. g4 Bd7 17. Kb1 a5 18. Ne2 Nc4 19. c3 Rb8 20. Rc1 Ke7 21. b3 Nb6 22. Rd2 a4 23. Nd4 Na8 24. Nc2 axb3 25. axb3 Nc7 26. Nb4 Rb6 27. Ra2 Ra8 28. Rxa8 Nxa8 29. Bxd5 exd5 30. Nxd5+ Ke6 31. Nxb6 Nxb6 32. c4 bxc4 33. bxc4 f6 34. exf6 Kxf6 35. h3 h5 36. c5 Nd5 37. c6 Bc8 38. f5 hxg4 39. hxg4 g6 40. Rc5 Ne7 41. fxg6 Bxg4 42. g7 Bc8 43. Kc2 Kxg7 44. Kc3 Kf7 45. Kb4 Ke8 46. Kb5 Bh3 47. Kb6 Bg4 48. Re5 Kf7 49. c7 Kf6 50. Re1 Kf7 51. Kc5 Bh3 52. Re3 Bg4 53. Re4 Bh3 54. Kd6 Nc8+ 55. Ke5 Ke7 1/2-1/2

[Event "URU-chT Regional"]
[Site "Punta del Este"]
[Date "2020.10.31"]
[Round "1.2"]
[White "Braso, Jorge"]
[Black "Blanco, Rudemar Ernesto"]
[Result "0-1"]
[WhiteElo "2100"]
[BlackElo "1487"]
[PlyCount "90"]
[EventDate "2020.10.31"]
[EventType "team-swiss"]
[EventRounds "5"]
[EventCountry "URU"]
[SourceTitle "CBM 199 Extra"]
[Source "ChessBase"]
[SourceDate "2021.01.31"]
[SourceVersion "1"]
[SourceVersionDate "2021.01.31"]
[SourceQuality "1"]
[WhiteTeam "Lavalleja"]
[BlackTeam "Rocha"]
[WhiteTeamCountry "URU"]
[BlackTeamCountry "URU"]

1. e4 d6 2. d4 Nf6 3. Nc3 Nbd7 4. Nf3 e5 5. Bc4 Be7 6. 0-0 h6 7. Be3 c6 8. a4 Qc7 9. h3 g5 10. Qe2 Nf8 11. Nh2 Ng6 12. Rad1 Nf4 13. Bxf4 gxf4 14. Bb3 Rg8 15. Kh1 Bd7 16. Qc4 Rg7 17. dxe5 dxe5 18. Nb5 Qb8 19. Nc3 Qc7 20. Rxd7 Qxd7 21. Rd1 Bd6 22. Nf3 Qc7 23. Nh4 0-0-0 24. Nf5 Rh7 25. a5 Bf8 26. Rxd8+ Kxd8 27. a6 b5 28. Qe2 Qc8 29. Na2 Qxa6 30. c4 b4 31. Qd2+ Kc7 32. Nxb4 Qb6 33. Qc3 Nd7 34. Nd3 f6 35. Bd1 Nc5 36. Nxc5 Bxc5 37. Qf3 Qxb2 38. Be2 h5 39. Kh2 Qb6 40. g4 hxg4 41. Qxg4 Bxf2 42. Kg2 Bg1 43. Qf3 a5 44. h4 a4 45. Qf1 Qf2+ 0-1

[Event "Punta del Este Interdepartamental"]
[Site "Punta del Este"]
[Date "2019.08.25"]
[Round "4.2"]
[White "Carvalho, Guillermo"]
[Black "Braso, Jorge"]
[Result "1/2-1/2"]
[WhiteElo "2180"]
[BlackElo "2108"]
[PlyCount "87"]
[EventDate "2019.08.23"]
[EventType "team-swiss"]
[EventRounds "5"]
[EventCountry "URU"]
[SourceTitle "EXT 2020"]
[Source "ChessBase"]
[SourceDate "2019.10.17"]
[SourceVersion "1"]
[SourceVersionDate "2019.10.17"]
[SourceQuality "1"]
[WhiteTeam "Montevideo Trebejos"]
[BlackTeam "Lavalleja"]
[WhiteTeamCountry "URU"]
[BlackTeamCountry "URU"]

1. d4 d5 2. Nf3 Nf6 3. g3 e6 4. Bg2 c5 5. 0-0 Nc6 6. b3 cxd4 7. Nxd4 e5 8. Nxc6 bxc6 9. Bb2 Qc7 10. c4 d4 11. Na3 Bb7 12. c5 Rd8 13. b4 Be7 14. Qa4 0-0 15. Nc4 Nd5 16. Rac1 Bc8 17. e3 dxe3 18. Bxe5 exf2+ 19. Rxf2 Qd7 20. Kh1 Bg5 21. Bf4 Bxf4 22. gxf4 Qe6 23. Qb3 Qh6 24. Nd6 Be6 25. Qg3 Nxb4 26. Rg1 f5 27. Rb1 Nd5 28. Re1 Rb8 29. Qg5 Rf6 30. Qxh6 Rxh6 31. Nc4 Rb5 32. Ne5 Rxc5 33. Rd2 Bf7 34. Rb1 Re6 35. Bxd5 cxd5 36. Rb7 Be8 37. Rxa7 Kf8 38. Ra8 Ke7 39. Kg2 Rd6 40. Re2 Re6 41. Ra7+ Kf6 42. Ra8 Ke7 43. Ra7+ Kf6 44. Ra8 1/2-1/2

[Event "Punta del Este Interdepartamental"]
[Site "Punta del Este"]
[Date "2019.08.24"]
[Round "2.2"]
[White "Dominguez, Facundo"]
[Black "Braso, Jorge"]
[Result "1-0"]
[WhiteElo "2138"]
[BlackElo "2108"]
[PlyCount "53"]
[EventDate "2019.08.23"]
[EventType "team-swiss"]
[EventRounds "5"]
[EventCountry "URU"]
[SourceTitle "EXT 2020"]
[Source "ChessBase"]
[SourceDate "2019.10.17"]
[SourceVersion "1"]
[SourceVersionDate "2019.10.17"]
[SourceQuality "1"]
[WhiteTeam "Montevideo Piratas"]
[BlackTeam "Lavalleja"]
[WhiteTeamCountry "URU"]
[BlackTeamCountry "URU"]

1. e4 c5 2. Nf3 d6 3. d4 cxd4 4. Nxd4 Nf6 5. Nc3 a6 6. f3 e6 7. Be3 Be7 8. Qd2 b5 9. 0-0-0 Bb7 10. g4 Nc6 11. g5 Nd7 12. h4 Rc8 13. Be2 Nc5 14. Nxc6 Bxc6 15. a3 Qa5 16. Kb1 Na4 17. Nxa4 Qxa4 18. Bd4 0-0 19. h5 d5 20. h6 g6 21. Qf4 Bd7 22. Rd2 b4 23. b3 Qc6 24. exd5 Qxd5 25. Bf6 Qc5 26. Bxe7 Qxe7 27. Rxd7 1-0

[Event "WchT Seniors 50"]
[Site "Rhodes"]
[Date "2019.04.24"]
[Round "9.9"]
[White "Braso, Jorge"]
[Black "Goldman, Astra"]
[Result "1/2-1/2"]
[WhiteElo "2098"]
[BlackElo "2020"]
[PlyCount "62"]
[EventDate "2019.04.16"]
[EventType "team-swiss"]
[EventRounds "9"]
[EventCountry "GRE"]
[SourceTitle "CBM 190 Extra"]
[Source "ChessBase"]
[SourceDate "2019.07.15"]
[SourceVersion "1"]
[SourceVersionDate "2019.07.15"]
[SourceQuality "1"]
[WhiteTeam "Uruguay"]
[BlackTeam "Latvia (Women)"]
[WhiteTeamCountry "URU"]
[BlackTeamCountry "LAT"]

1. e4 c5 2. Nf3 a6 3. d4 cxd4 4. Nxd4 Nf6 5. Nc3 e5 6. Nf3 Bb4 7. Bd2 d5 8. Nxd5 Bxd2+ 9. Nxd2 Nxd5 10. exd5 Qxd5 11. Nc4 Qe4+ 12. Qe2 Qxe2+ 13. Bxe2 Nc6 14. 0-0-0 0-0 15. Nb6 Rb8 16. c3 Re8 17. Nxc8 Rbxc8 18. Rd7 Nd4 19. Bd1 b5 20. Kb1 Ne6 21. Bb3 Kf8 22. Re1 f6 23. Ra7 Rcd8 24. Re3 Nc5 25. Rg3 Nxb3 26. Rgxg7 Nd2+ 27. Kc2 Re6 28. Rxh7 Kg8 29. Rag7+ Kf8 30. Rf7+ Kg8 31. Ra7 Ree8 1/2-1/2

[Event "URU Department-chT"]
[Site "Punta del Este"]
[Date "2018.08.24"]
[Round "1.31"]
[White "Carvalho, Guillermo"]
[Black "Braso, Jorge"]
[Result "1-0"]
[WhiteElo "2175"]
[BlackElo "2164"]
[PlyCount "93"]
[EventDate "2018.08.24"]
[EventType "team-swiss"]
[EventRounds "5"]
[EventCountry "URU"]
[SourceTitle "EXT 2019"]
[Source "ChessBase"]
[SourceDate "2018.10.10"]
[SourceVersion "1"]
[SourceVersionDate "2018.10.10"]
[SourceQuality "1"]
[WhiteTeam "Montevideo Gripe"]
[BlackTeam "Lavalleja"]
[WhiteTeamCountry "URU"]
[BlackTeamCountry "URU"]

1. c4 Nf6 2. Nc3 e6 3. e4 d5 4. e5 d4 5. exf6 dxc3 6. bxc3 Qxf6 7. d4 Nc6 8. Nf3 h6 9. Bd3 Be7 10. Qe2 g5 11. 0-0 Qg7 12. d5 Nd8 13. Nd4 0-0 14. f4 Bc5 15. fxg5 hxg5 16. Kh1 Bxd4 17. cxd4 f6 18. dxe6 Bxe6 19. Rb1 Bf7 20. Ba3 Re8 21. Qf2 Ne6 22. g3 Bg6 23. Bxg6 Qxg6 24. d5 Qe4+ 25. Qg2 Ng7 26. c5 Qd3 27. Rb3 Qc4 28. Qf3 f5 29. d6 cxd6 30. cxd6 Rad8 31. Rd1 g4 32. Qxb7 Re2 33. Qd5+ Qxd5+ 34. Rxd5 Rxa2 35. d7 Kf7 36. Re3 Ra1+ 37. Kg2 Ra2+ 38. Kg1 Ra1+ 39. Kf2 Ra2+ 40. Ke1 Rxh2 41. Kd1 Rhh8 42. Be7 Rh1+ 43. Kd2 f4 44. gxf4 g3 45. Bxd8 g2 46. Re7+ Kf8 47. Rxg7 1-0

[Event "URU-chTA"]
[Site "Montevideo"]
[Date "2018.07.08"]
[Round "5.41"]
[White "Braso, Jorge"]
[Black "Colman, Matias"]
[Result "1/2-1/2"]
[WhiteElo "2170"]
[BlackElo "2046"]
[PlyCount "53"]
[EventDate "2018.07.06"]
[EventType "team-swiss"]
[EventRounds "5"]
[EventCountry "URU"]
[SourceTitle "EXT 2019"]
[Source "ChessBase"]
[SourceDate "2018.10.10"]
[SourceVersion "1"]
[SourceVersionDate "2018.10.10"]
[SourceQuality "1"]
[WhiteTeam "Casa de Cultura Minas"]
[BlackTeam "Trebejos II"]
[WhiteTeamCountry "URU"]
[BlackTeamCountry "URU"]

1. e4 Nf6 2. e5 Nd5 3. c4 Nb6 4. d4 d6 5. exd6 exd6 6. Bd3 Nc6 7. Be3 Be7 8. Ne2 0-0 9. 0-0 Nb4 10. Nbc3 Nxd3 11. Qxd3 Bf6 12. b3 Re8 13. Rad1 Bg4 14. Rc1 Bh5 15. Nf4 Bg6 16. Nxg6 hxg6 17. a4 d5 18. a5 dxc4 19. bxc4 Nd7 20. Qb1 c5 21. dxc5 Bxc3 22. Rxc3 Qxa5 23. Rb3 Rac8 24. Qb2 Qa6 25. Rb5 Qc6 26. Rxb7 Nxc5 27. Rxa7 1/2-1/2

[Event "URU-chTA"]
[Site "Uruguay"]
[Date "2017.07.09"]
[Round "5.1"]
[White "Braso, Jorge"]
[Black "Saralegui Cassan, Mario"]
[Result "1-0"]
[WhiteElo "2132"]
[BlackElo "2105"]
[PlyCount "87"]
[EventDate "2017.07.07"]
[EventType "team-swiss"]
[EventRounds "5"]
[EventCountry "URU"]
[SourceTitle "EXT 2018"]
[Source "ChessBase"]
[SourceDate "2017.10.13"]
[SourceVersion "1"]
[SourceVersionDate "2017.10.13"]
[SourceQuality "1"]
[WhiteTeam "Casa de Cultura Minas"]
[BlackTeam "Trebejos II"]
[WhiteTeamCountry "URU"]
[BlackTeamCountry "URU"]

1. e4 e5 2. Nf3 Nc6 3. Bb5 a6 4. Ba4 Nf6 5. 0-0 Be7 6. d3 b5 7. Bb3 0-0 8. Nc3 d6 9. h3 Na5 10. Re1 Nxb3 11. axb3 Bb7 12. Qe2 c5 13. Nd1 Re8 14. Ne3 g6 15. Nf1 Bf8 16. Ng3 Bg7 17. Be3 Qc7 18. Qd2 d5 19. Bh6 Bh8 20. Qg5 dxe4 21. dxe4 Rad8 22. Qh4 Nd7 23. Bd2 f6 24. Nh2 Nf8 25. Ba5 Qe7 26. Bxd8 Qxd8 27. Rad1 Qe7 28. Ng4 Bg7 29. Ne3 Ne6 30. Qg4 Bc8 31. Nd5 Qf7 32. Rd2 Nd4 33. Qd1 Bh6 34. Rd3 f5 35. c3 c4 36. bxc4 bxc4 37. Rxd4 exd4 38. Qxd4 Bg7 39. Qxc4 Be6 40. exf5 gxf5 41. Qc6 Bd7 42. Rxe8+ Qxe8 43. Nf6+ Bxf6 44. Qxf6 1-0

[Event "URU-chTA"]
[Site "Uruguay"]
[Date "2017.07.07"]
[Round "1.1"]
[White "Braso, Jorge"]
[Black "Lopez Azambuja, Nicolas"]
[Result "1/2-1/2"]
[WhiteElo "2132"]
[BlackElo "2308"]
[PlyCount "132"]
[EventDate "2017.07.07"]
[EventType "team-swiss"]
[EventRounds "5"]
[EventCountry "URU"]
[SourceTitle "EXT 2018"]
[Source "ChessBase"]
[SourceDate "2017.10.13"]
[SourceVersion "1"]
[SourceVersionDate "2017.10.13"]
[SourceQuality "1"]
[WhiteTeam "Casa de Cultura Minas"]
[BlackTeam "La Proa"]
[WhiteTeamCountry "URU"]
[BlackTeamCountry "URU"]

1. e4 e6 2. Nf3 d5 3. Nc3 d4 4. Ne2 c5 5. c3 Nf6 6. d3 Nc6 7. Ng3 Be7 8. Be2 0-0 9. 0-0 e5 10. Ne1 Be6 11. c4 Bd6 12. Nf3 Ne8 13. Ng5 Bd7 14. Bg4 Be7 15. Bxd7 Qxd7 16. Nf5 Bxg5 17. Bxg5 f6 18. Bd2 Nd6 19. Nxd6 Qxd6 20. f4 exf4 21. Bxf4 Qe7 22. Qh5 Rad8 23. Rf3 g6 24. Qh6 a6 25. Raf1 b5 26. b3 bxc4 27. bxc4 Rd7 28. Bg5 Rd6 29. Qh4 Ne5 30. Rxf6 Rdxf6 31. Rxf6 Rb8 32. Rf1 Qe6 33. Bf4 Re8 34. Bxe5 Qxe5 35. Rb1 Rb8 36. Rf1 Kg7 37. Qf2 Qe7 38. h4 a5 39. h5 a4 40. h6+ Kg8 41. Qf4 Rb2 42. Qg4 Rb8 43. Qf4 Rb2 44. Qf3 a3 45. e5 Rb8 46. Qd5+ Kh8 47. e6 Qc7 48. Qg5 Kg8 49. Qd5 Qe7 50. Qe5 Rb6 51. Re1 Rb2 52. Qd5 Rb8 53. g3 Rc8 54. Qe5 Re8 55. Kg2 Rf8 56. Rf1 Qb7+ 57. Kg1 Rxf1+ 58. Kxf1 Qh1+ 59. Kf2 Qh2+ 60. Kf3 Qh1+ 61. Kf4 Qxh6+ 62. Kg4 Qe3 63. Qb8+ Kg7 64. Qc7+ Kh6 65. e7 Qg5+ 66. Kf3 Qe3+ 1/2-1/2

[Event "Montevideo Trebejos op 02"]
[Site "Montevideo"]
[Date "2016.03.03"]
[Round "5"]
[White "Braso, Jorge"]
[Black "Benoit, Rodrigo"]
[Result "0-1"]
[WhiteElo "2147"]
[BlackElo "2045"]
[PlyCount "40"]
[EventDate "2016.02.22"]
[EventType "swiss"]
[EventRounds "7"]
[EventCountry "URU"]
[SourceTitle "CBM 171 Extra"]
[Source "ChessBase"]
[SourceDate "2016.04.26"]
[SourceVersion "1"]
[SourceVersionDate "2016.04.26"]
[SourceQuality "1"]

1. e4 c5 2. Nf3 b6 3. Nc3 Bb7 4. d4 cxd4 5. Nxd4 g6 6. Bc4 d6 7. 0-0 Bg7 8. Bb5+ Nd7 9. f4 a6 10. Bc4 Ngf6 11. f5 0-0 12. fxg6 hxg6 13. Bd5 Qc7 14. Be3 Ne5 15. Nf3 Nc4 16. Bxc4 Qxc4 17. e5 Ng4 18. Bxb6 Nxe5 19. Nxe5 Bxe5 20. Qd3 Qc6 0-1

[Event "Punta del Este op 4th"]
[Site "Punta del Este"]
[Date "2015.11.14"]
[Round "3"]
[White "Braso, Jorge"]
[Black "Muzzi, Eduardo"]
[Result "1-0"]
[WhiteElo "2132"]
[BlackElo "2010"]
[PlyCount "83"]
[EventDate "2015.11.13"]
[EventType "swiss"]
[EventRounds "5"]
[EventCountry "URU"]
[SourceTitle "CBM 169 Extra"]
[Source "ChessBase"]
[SourceDate "2015.12.18"]
[SourceVersion "1"]
[SourceVersionDate "2015.12.18"]
[SourceQuality "1"]

1. e4 e6 2. Nf3 d5 3. Nc3 c5 4. Bb5+ Nc6 5. 0-0 d4 6. Ne2 Nf6 7. d3 Bd7 8. c3 dxc3 9. bxc3 a6 10. Ba4 b5 11. Bb3 Be7 12. Ng3 0-0 13. d4 cxd4 14. cxd4 Rc8 15. d5 Qb6 16. Be3 Qb7 17. dxc6 Bxc6 18. Nd2 Nxe4 19. Ndxe4 Bxe4 20. Nxe4 Qxe4 21. Rc1 Rcd8 22. Qh5 g6 23. Qh6 Bf6 24. Bg5 Bg7 25. Qh4 Qxh4 26. Bxh4 Rd4 27. Be7 Re8 28. Bc5 Rd7 29. Bb4 Bd4 30. Rfd1 Red8 31. Ba5 Re8 32. Kf1 e5 33. Rc6 Ra8 34. f4 Re7 35. g3 Be3 36. fxe5 Rxe5 37. Rf6 Re7 38. Rfd6 Bc5 39. Rd8+ Rxd8 40. Rxd8+ Kg7 41. Rc8 Bd4 42. Ra8 1-0

[Event "URU-chT Departamental"]
[Site "Punta del Este"]
[Date "2014.11.08"]
[Round "3.22"]
[White "Braso, Jorge"]
[Black "Rodriguez, Santiago"]
[Result "0-1"]
[WhiteElo "2156"]
[BlackElo "2265"]
[PlyCount "102"]
[EventDate "2014.11.07"]
[EventType "team-swiss"]
[EventRounds "5"]
[EventCountry "URU"]
[SourceTitle "EXT 2017"]
[Source "ChessBase"]
[SourceDate "2016.10.25"]
[SourceVersion "1"]
[SourceVersionDate "2016.10.25"]
[SourceQuality "1"]

1. e4 c5 2. Nf3 Nc6 3. c3 Nf6 4. e5 Nd5 5. d4 cxd4 6. cxd4 d6 7. exd6 Qxd6 8. Nc3 Bg4 9. Be2 e6 10. 0-0 Be7 11. Nxd5 Qxd5 12. Be3 0-0 13. a3 Rfd8 14. h3 Bh5 15. Rc1 Bf6 16. Qa4 Qd7 17. Rfd1 Bxf3 18. Bxf3 Ne5 19. Qxd7 Nxf3+ 20. gxf3 Rxd7 21. a4 Rad8 22. b3 h6 23. d5 b6 24. Rc6 Be5 25. f4 Bb8 26. Kg2 Rxd5 27. Rxd5 exd5 28. Kf3 Kh7 29. Bd4 Re8 30. f5 Re4 31. Be3 Rb4 32. Rc8 Be5 33. a5 bxa5 34. Bxa7 Rxb3+ 35. Ke2 Rxh3 36. Rc5 a4 37. Rxd5 f6 38. Ra5 Rh4 39. Be3 Rb4 40. Ra7 Bd4 41. Bxd4 Rxd4 42. Kf3 Rd3+ 43. Kg4 Ra3 44. f4 Ra1 45. Kg3 a3 46. Kh3 a2 47. Kg2 h5 48. Ra8 h4 49. Ra3 Kh6 50. Rh3 Rg1+ 51. Kf2 Kh5 0-1

[Event "URU-chT Clubs"]
[Site "Punta del Este"]
[Date "2014.08.25"]
[Round "5.41"]
[White "Almada, Marcelo"]
[Black "Braso, Jorge"]
[Result "1/2-1/2"]
[WhiteElo "2162"]
[BlackElo "2177"]
[PlyCount "132"]
[EventDate "2014.08.23"]
[EventType "team-swiss"]
[EventRounds "5"]
[EventCountry "URU"]
[SourceTitle "EXT 2017"]
[Source "ChessBase"]
[SourceDate "2016.10.25"]
[SourceVersion "1"]
[SourceVersionDate "2016.10.25"]
[SourceQuality "1"]

1. e4 c5 2. Nf3 e6 3. c3 Nf6 4. e5 Nd5 5. d4 cxd4 6. cxd4 d6 7. Bc4 dxe5 8. dxe5 Be7 9. 0-0 Nc6 10. Qe2 0-0 11. Bd3 Qc7 12. Bd2 Rd8 13. Nc3 a6 14. Rac1 Nxc3 15. Rxc3 Bd7 16. Qe4 g6 17. h4 Be8 18. Bg5 Bxg5 19. hxg5 Qe7 20. a3 Rac8 21. Rfc1 Na7 22. Qe3 Rxc3 23. Rxc3 Nc6 24. Nh2 Nd4 25. Ng4 Bc6 26. Nf6+ Kg7 27. Qh3 h5 28. gxh6+ Kh8 29. Qe3 Qc7 30. Rc4 Qb6 31. Rb4 Qc5 32. Qg5 Qe7 33. Qf4 Nf3+ 34. gxf3 Rxd3 35. Ne4 Bxe4 36. fxe4 Kh7 37. Rc4 Rh3 38. Qf6 Qxf6 39. exf6 Kxh6 40. Rc7 Rb3 41. Rxf7 Rxb2 42. Re7 e5 43. Rxe5 Rb6 44. f7 Kg7 45. Re7 Kf8 46. Rc7 Re6 47. Rxb7 Rxe4 48. Rb6 Ra4 49. Rxg6 Rxa3 50. Rf6 a5 51. Kf1 Rd3 52. Ke2 Rd7 53. Ra6 Kxf7 54. Rxa5 Rd6 55. f4 Kf6 56. Ke3 Rb6 57. Kf3 Kg6 58. Kg4 Rc6 59. Rg5+ Kh6 60. Ra5 Kg6 61. f5+ Kg7 62. Ra3 Rc1 63. Re3 Kf6 64. Re6+ Kf7 65. Rb6 Rg1+ 66. Kf4 Rf1+ 1/2-1/2

[Event "URU-chT Clubs"]
[Site "Punta del Este"]
[Date "2014.08.23"]
[Round "1.21"]
[White "Roselli Mailhe, Bernardo"]
[Black "Braso, Jorge"]
[Result "1/2-1/2"]
[WhiteElo "2425"]
[BlackElo "2177"]
[PlyCount "86"]
[EventDate "2014.08.23"]
[EventType "team-swiss"]
[EventRounds "5"]
[EventCountry "URU"]
[SourceTitle "EXT 2017"]
[Source "ChessBase"]
[SourceDate "2016.10.25"]
[SourceVersion "1"]
[SourceVersionDate "2016.10.25"]
[SourceQuality "1"]

1. d4 d5 2. c4 e6 3. Nc3 Nf6 4. Bg5 Bb4 5. Qa4+ Nc6 6. e3 0-0 7. cxd5 exd5 8. Bb5 Bd7 9. Bxc6 Bxc3+ 10. bxc3 Bxc6 11. Qb3 Qd6 12. Bxf6 Qxf6 13. Ne2 a5 14. Nf4 a4 15. Qb4 Rfe8 16. 0-0 Re4 17. Nd3 Rae8 18. Ne5 Qh6 19. Nxc6 Qxc6 20. Rab1 b6 21. Rfc1 f5 22. g3 f4 23. exf4 Rxf4 24. Qb5 Qe6 25. Re1 Re4 26. Rxe4 Qxe4 27. Rf1 a3 28. Qa4 h5 29. h4 c5 30. Qb5 cxd4 31. cxd4 Re6 32. Qb3 Qxd4 33. Rd1 Qc4 34. Qxa3 Re2 35. Qa8+ Kh7 36. Rxd5 Re1+ 37. Kh2 Rh1+ 38. Kg2 Qe4+ 39. f3 Qe2+ 40. Kxh1 Qf1+ 41. Kh2 Qf2+ 42. Kh1 Qf1+ 43. Kh2 Qf2+ 1/2-1/2